000 01724nam a2200301 a 4500
001 BRCA_2380
005 20190320203801.0
008 071108s1897----sp-#---###---#000-0#spa-u
041 _aspa
044 _asp
084 _a021
_b.M67
_c1897 F1615
100 1 _aCervantes Saavedra, Miguel de
_d1547-1616
_9213
245 1 0 _aSegunda parte del Ingenioso Caballero Don Quixote de la Mancha
_bdirigida a don Pedro Fernández de Castro, Conde de Lemos
_cpor Miguel de Cervantes Saavedra, autor de su primera parte.
260 _aBarcelona
_bMontaner y Simón
_c1897
300 _a1 v. (sin paginación)
_c23 cm.
500 _aContenido : Escudo con el mote Post tenebras spero lucem. Tasa. Fe de erratas. Aprovación del Dr. Gutierre Cetina. Aprobación de M. Joseph Valdivieso. Aprovación del Lic. Márquez Torres. Privilegio. Prólogo del autpr. Dedicatoria del autor al Conde de Lemos. Texto
500 _aFacsímil de : Segunda parte del Ingeniso Cavallero Don Quixote de la Mancha. Madrid: Juan de la Cuesta, 1615
500 _aSegundo facsímile de la segunda parte de la edición príncipe, publicado por Montaner y Simón, en Barcelona, el año de 1897. Ejemplar bien conservado, encuadernado en fina piel parda; escudo de la primera parte grabado en la tapa Lúdovik Osterc
500 _aCon ex-libris de : Biblioteca de Santiago Magariños. 2798
500 _aQM222
650 1 4 _aNovela española
_yÉpoca clkásica, 1500-1700
_97080
650 1 4 _aLiteratura española
_yÉpoca clásica, 1500-1700
_9216
650 1 4 _aNovela española
_ySiglo XVII
_9217
650 1 4 _aDon Quijote (Personaje ficticio)
_eNovela
_9218
740 0 _aEl Ingenioso Hidalgo Don Quijote de la Mancha
902 _aQFM
942 _2lcc
_cB
999 _c2121
_d2121